Word Scramble - US Presidents #1 - Statistics

General Stats
  • This quiz has been taken 68 times
  • The average score is 9 of 12
Answer Stats
Hint Answer % Correct
Prumt Trump
98%
Hubs Bush
89%
Hcnauban Buchanan
77%
Kosncaj Jackson
75%
Yesha Hayes
72%
Soevoletr Roosevelt
72%
Darginh Harding
70%
Ricepe Pierce
70%
Kcmyelni McKinley
68%
Ruthra Arthur
67%
Acdnlleev Cleveland
63%
Risrahno Harrison
51%
No matching quizzes found
Score Distribution
Percent of People with Each Score
Percentile by Number Answered
Your Score History
You have not taken this quiz